000 00973nas a2200337 4500
001 BR2013010924
003 BR-BrBNA
005 20231205123549.0
007 ta
008 230509b bl.|||p| |||| 00| 00por d
040 _aBR-BrBNA
_bpor
_cBiblioteca Nacional de Agricultura
041 _a(En)
072 _aH10
100 1 _aAristizábal, L.F.
100 1 _aCardona, L.V.
100 1 _aHenao, E.R.
100 1 _aSalgado, M.
100 1 _aArthurs, S.P.
245 1 _aInsects associated with tropical foliage produced in the coffee growing region of Colombia
650 _aINSETO
650 _aCOLEOPTERO
650 _aDIPTERA
650 _aLEPIDOPTERO
650 _aORTOPTERO
650 _aHABITAT
650 _aTAXONOMIA
650 _aBIODIVERSIDADE
773 0 _tRevista Brasileira de Entomologia (Brazil)
_xISSN 0085-5626
_g(Jul-Sep 2013), v. 57(3) p. 313-318
_wBR2013010924
909 _a202311
_bLúcia
_c55
_dLúcia Elande
942 _2AGRIS
_n0
_cANA
999 _c234543
_d234543